| 000 | 00762nam a2200253 i 4500 | ||
|---|---|---|---|
| 001 | 119013 | ||
| 005 | 20230410105402.0 | ||
| 008 | 150218b2013 uk a 000 0 eng | ||
| 020 | _a9781780230924 | ||
| 041 | 0 | _aeng | |
| 050 | 1 | 4 |
_aHB 501 _bA427g 2013 |
| 100 | 1 | _aAllen, Larry | |
| 245 | 1 | 4 |
_aThe global economic crisis : _ba chronology / _cLarry Allen |
| 260 |
_aLondon : _bReaktion Books, _c2013. |
||
| 300 | _a272 p. | ||
| 650 | 0 | _aGlobal Financial Crisis, 2008-2009. | |
| 650 | 0 |
_aFinancial crises _xHistory _y21st century. |
|
| 650 | 0 |
_aEconomic history _y1990- |
|
| 650 | 4 | _aCrisis financiera mundial, 2008-2009. | |
| 650 | 4 |
_aCrisis financieras _xHistoria _ySiglo 21. |
|
| 650 | 4 |
_aHistoria económica _y1990- |
|
| 942 |
_2lcc _cbk |
||
| 946 | _aYSL | ||
| 999 |
_c35601 _d35601 |
||